Comentarios reales de los Incas / (Record no. 6312)
[ view plain ]
| 000 -CABECERA | |
|---|---|
| campo de control de longitud fija | 00894cam a2200229 i 4500 |
| 001 - NÚMERO DE CONTROL | |
| campo de control | 000006521 |
| 005 - FECHA Y HORA DE LA ÚLTIMA TRANSACCIÓN | |
| campo de control | 20200929153938.0 |
| 008 - DATOS DE LONGITUD FIJA--INFORMACIÓN GENERAL | |
| campo de control de longitud fija | 800102s1976 ve b 000 0 spa |
| 040 ## - FUENTE DE LA CATALOGACIÓN | |
| Centro catalogador/agencia de origen | DO-SdBNP |
| Lengua de catalogación | spa |
| Centro/agencia transcriptor | BNPHU |
| 082 ## - NÚMERO DE LA CLASIFICACIÓN DECIMAL DEWEY | |
| Número de clasificación | 985.02 |
| Número de documento/Ítem | V422c |
| 100 1# - ENTRADA PRINCIPAL--NOMBRE DE PERSONA | |
| Nombre de persona | Vega, Garcilaso de la, |
| Fechas asociadas al nombre | 1539-1616. |
| 9 (RLIN) | 8821 |
| 245 10 - MENCIÓN DE TÍTULO | |
| Título | Comentarios reales de los Incas / |
| Mención de responsabilidad, etc. | Inca Garcilaso de la Vega ; prólogo, edición y cronología, Aurelio Miro Quesada. |
| 260 ## - PUBLICACIÓN, DISTRIBUCIÓN, ETC. | |
| Lugar de publicación, distribución, etc. | Caraca, Venezuela : |
| Nombre del editor, distribuidor, etc. | Biblioteca Ayacucho, |
| Fecha de publicación, distribución, etc. | 1976. |
| 300 ## - DESCRIPCIÓN FÍSICA | |
| Extensión | 2 v. ; |
| Dimensiones | 24 cm. |
| 490 1# - MENCIÓN DE SERIE | |
| Mención de serie | Biblioteca Ayacucho ; |
| Designación de volumen o secuencia | 5-6 |
| 500 ## - NOTA GENERAL | |
| Nota general | First published under title: Primera parte de los Comentarios reales. |
| 504 ## - NOTA DE BIBLIOGRAFÍA, ETC. | |
| Nota de bibliografía, etc. | Bibliografía |
| 650 #4 - PUNTO DE ACCESO ADICIONAL DE MATERIA--TÉRMINO DE MATERIA | |
| Término de materia o nombre geográfico como elemento de entrada | Incas. |
| Subdivisión general | Historia |
| 9 (RLIN) | 3123 |
| 651 #4 - PUNTO DE ACCESO ADICIONAL DE MATERIA--NOMBRE GEOGRÁFICO | |
| Nombre geográfico | Perú |
| Subdivisión general | Historia |
| Subdivisión cronológica | 1548. |
| 9 (RLIN) | 18100 |
| 700 2# - PUNTO DE ACCESO ADICIONAL--NOMBRE DE PERSONA | |
| Nombre de persona | Miro Quesada S., Aurelio |
| Forma completa/desarrollada del nombre | (Miro Quesada Sosa), |
| Fechas asociadas al nombre | 1907- |
| 9 (RLIN) | 18101 |
| 830 #0 - PUNTO DE ACCESO ADICIONAL DE SERIE-TÍTULO UNIFORME | |
| Título uniforme | Biblioteca Ayacucho (Caracas) ; |
| Designación de volumen o secuencia | 5-6. |
| 9 (RLIN) | 18102 |
| Estado de retiro | Estado de pérdida | Restricciones de uso | No para préstamo | Código de colección | Localización permanente | Ubicación/localización actual | Ubicación en estantería | Fecha de adquisición | Número de inventario | Total de préstamos | Signatura topográfica completa | Código de barras | Fecha visto por última vez | Precio válido a partir de | Tipo de ítem Koha | Nota pública |
|---|---|---|---|---|---|---|---|---|---|---|---|---|---|---|---|---|
| Excluido de préstamo | Monografías: Libros y Folletos | General | General | Depósito | 31.08.2009 | LF1 | v. 1 | 6521-10 | 25.06.2020 | 25.06.2020 | No se presta | |||||
| Excluido de préstamo | Monografías: Libros y Folletos | General | General | Depósito | 16.10.2009 | LF1 | v. 1, e. 2 | 6521-20 | 25.06.2020 | 25.06.2020 | No se presta | Perteneció a la biblioteca personal de Julio Ortega Frier. | ||||
| Excluido de préstamo | Monografías: Libros y Folletos | General | General | Depósito | 02.06.2017 | LF1 | v. 2 | 6521-30 | 25.06.2020 | 25.06.2020 | No se presta | |||||
| Extraviado | Excluido de préstamo | Monografías: Libros y Folletos | General | General | Extraviado | 02.06.2017 | LF1 | 985.02 V422c | 6521-40 | 25.06.2020 | 25.06.2020 | No se presta | ||||
| Extraviado | Excluido de préstamo | Monografías: Libros y Folletos | General | General | Extraviado | 02.06.2017 | LF1 | 985.02 V422c | 6521-50 | 25.06.2020 | 25.06.2020 | No se presta |
